| 000 | 00659nam a2200241Ia 4500 | ||
|---|---|---|---|
| 005 | 20251020182506.0 | ||
| 008 | 200515s9999 xx 000 0 und d | ||
| 020 | _a958-95234-2-0 | ||
| 082 | _a628.175/C77 | ||
| 100 | _aCorreal Cuervo, Rodrigo (Compilador) | ||
| 245 | 0 | _aSeminario Internacional sobre tratamiento y postratamiento de aguas residuales y biosólidos | |
| 260 | _aBogotá, D.C. | ||
| 260 | _bEDICIONES UNIBOYACÁ | ||
| 260 | _c2002 | ||
| 300 | _a320 p. | ||
| 300 | _bil., tbl., graf. | ||
| 500 | _a1 ejemplar | ||
| 650 | _aAGUA | ||
| 650 | _aAGUAS RESIDUALES | ||
| 650 | _aTRATAMIENTO DEL AGUA | ||
| 942 | _cLIB | ||
| 999 |
_c1290 _d1290 |
||